000 00656cam a2200181 4500
001 776753
005 20250122112351.0
008 691209s1968 stkah 001 0 engd
050 0 0 _aKD5359
_b.L96 1968
082 0 0 _a343/.41/04
100 1 _aLynch, Thomas D.
245 1 0 _aDirect taxation in the United Kingdom;
_cedited by Thomas D. Lynch.
260 _aEdinburgh,
_bAccountants' Publishing Co. for the Institute of Chartered Accountants of Scotland,
_c1968.
300 _axvi, 231 p.
_billus., facsim.
_c22 cm.
650 0 _aTaxation
_xLaw and legislation
_zGreat Britain.
710 2 _aInstitute of Chartered Accountants of Scotland.
942 _2lcc
_cBK
_n0
999 _c2773
_d2773